| 000 | 01065nam a2200277 i 4500 | ||
|---|---|---|---|
| 001 | 106785 | ||
| 003 | ES-MaACL | ||
| 005 | 20231005170659.0 | ||
| 007 | t| | ||
| 008 | 061222s1971 sp ||||1| spa d | ||
| 080 | _a75 Vilacasas, Joan (083.82) | ||
| 100 | 1 |
_aVilacasas, Joan. _9114747 |
|
| 245 | 1 | 0 |
_aVilacasas _b: [exposición, Ateneo de Madrid, Sala de Exposiciones, Santa Catalina 10, abril 1971] / _c[texto: Santos Torroella]. |
| 260 |
_aMadrid : _bPublicaciones Españolas, _c1971. |
||
| 300 |
_a[20] p. : _bil. ; _c21 x 21 cm. |
||
| 490 | 1 |
_aSerie V, Sala Santa Catalina ; _v6 |
|
| 600 | 1 | 4 |
_aVilacasas, Joan- _vExposiciones. _9114748 |
| 610 | 2 | 7 |
_aAteneo de Madrid- _vExposiciones- _y1970-1979. _91921 |
| 655 | 7 |
_2tgfbne _9193628 _aCatálogos de exposiciones |
|
| 700 | 1 |
_aSantos Torroella, Rafael. _9103536 |
|
| 710 | 2 |
_aAteneo de Madrid. _bSala de Santa Catalina. _91964 |
|
| 830 | 0 |
_aSerie V, Sala Santa Catalina ; _v6 _9185299 |
|
| 852 |
_aES-MaACL _j2211-F-28 _9110839 _bR.138367 _cDEPOF |
||
| 942 |
_2udc _cFOLLETOS |
||
| 999 |
_c106785 _d106785 |
||